00575 2200229 4500001002100000005001500021035002000036007000300056008004100059020002200100082001000122084001600132100001300148245005500161250001000216260003400226300003200260650001800292700001300310990001100323990001100334INLIS00000000000270320190104022911 a0010-0119000055ta190104 g 0 ind  a978-602-1579-07-7 a641.5 a641.5 RIT s0 aRITA, TN1 a101 Kreasi Resep Tumis /cRita TN; editor, Rose KR acet.3 aYogyakarta :bKatahati,c2016 a211 hlm. :bilus. ;c24 cm. aRESEP MAKANAN0 aROSE, KR a5968 a a5968 b